<?xml version="1.0" encoding="UTF-8"?>
<marc:record xmlns:marc="http://www.loc.gov/MARC21/slim">
   <marc:leader>00000nam a2200000 a 4500</marc:leader>
   <marc:datafield ind1="1" ind2=" " tag="100">
      <marc:subfield code="a">Cardano, Ludwig</marc:subfield>
      <marc:subfield code="4">aut</marc:subfield>
      <marc:subfield code="e">Verfasser/-in</marc:subfield>
   </marc:datafield>
   <marc:datafield ind1=" " ind2=" " tag="653">
      <marc:subfield code="a">Softcover / Belletristik/Krimis</marc:subfield>
   </marc:datafield>
   <marc:datafield ind1=" " ind2=" " tag="653">
      <marc:subfield code="a">Thriller</marc:subfield>
   </marc:datafield>
   <marc:datafield ind1=" " ind2=" " tag="653">
      <marc:subfield code="a">Spionage</marc:subfield>
   </marc:datafield>
   <marc:datafield ind1=" " ind2=" " tag="653">
      <marc:subfield code="a">Fiktionale Darstellung</marc:subfield>
   </marc:datafield>
   <marc:datafield ind1=" " ind2=" " tag="653">
      <marc:subfield code="a">Krimis</marc:subfield>
   </marc:datafield>
   <marc:datafield ind1="0" ind2="0" tag="245">
      <marc:subfield code="a">Die Glocke</marc:subfield>
   </marc:datafield>
   <marc:datafield ind1="0" ind2="0" tag="245">
      <marc:subfield code="b">Thriller</marc:subfield>
   </marc:datafield>
   <marc:datafield ind1="0" ind2="0" tag="245">
      <marc:subfield code="c">Ludwig Cardano</marc:subfield>
   </marc:datafield>
   <marc:datafield ind1=" " ind2="1" tag="264">
      <marc:subfield code="a">Wien</marc:subfield>
      <marc:subfield code="b">Braumüller</marc:subfield>
      <marc:subfield code="c">2019</marc:subfield>
   </marc:datafield>
   <marc:datafield ind1=" " ind2=" " tag="250">
      <marc:subfield code="a">1. Auflage</marc:subfield>
   </marc:datafield>
   <marc:datafield ind1="1" ind2=" " tag="520">
      <marc:subfield code="a">Angaben aus der Verlagsmeldung

Die Glocke

Als der Schriftsteller Michael Manolis in einer angeblich verlassenen Seevilla die Silhouette einer Frau sieht, ist seine Neugier geweckt. Er begibt sich heimlich an den Ort und entdeckt nicht nur einen Betonbunker und ein im Wasser liegendes Klein-U-Boot, sondern belauscht auch ein Gespräch zwischen Baron Coltrano, einem älteren Mann im Rollstuhl, und dessen Gehilfen. Das U-Boot soll zur Bergung eines Nazi-Schatzes dienen. Elena, die Tochter des Barons, steht dem Vorhaben misstrauisch gegenüber und vertraut sich Manolis an. Vor den Augen des Schriftstellers entfesselt sich nun eine gefährliche Jagd nach dem sagenumwobenen Schatz, der geheimnisvollen letalen Glocke . Steckt hinter dem legendären Artefakt aus dem Zweiten Weltkrieg ein reales Gerät - und wenn ja, wozu dient es? Und als Auszüge aus einem fiktiven Tagebuch eines Nazi-Wissenschaftlers auftauchen, ist nicht mehr auszumachen, was der Realität oder purer Täuschung entspricht.
</marc:subfield>
   </marc:datafield>
   <marc:datafield ind1=" " ind2=" " tag="020">
      <marc:subfield code="a">9783992002382</marc:subfield>
      <marc:subfield code="9">9783992002382</marc:subfield>
   </marc:datafield>
   <marc:datafield ind1=" " ind2=" " tag="020">
      <marc:subfield code="a">3992002381</marc:subfield>
      <marc:subfield code="9">3992002381</marc:subfield>
   </marc:datafield>
   <marc:datafield ind1=" " ind2=" " tag="041">
      <marc:subfield code="a">ger</marc:subfield>
   </marc:datafield>
   <marc:datafield ind1=" " ind2=" " tag="300">
      <marc:subfield code="a">428 Seiten</marc:subfield>
   </marc:datafield>
</marc:record>
